The Idiot /

Sábháilte in:
Sonraí bibleagrafaíochta
Príomhchruthaitheoir: Batuman, Elif (autor)
Formáid: LEABHAR
Teanga:Béarla
Foilsithe / Cruthaithe: Nueva York, EUA : Penguin Random House, 2017, c2017
Ábhair:
Rochtain ar líne:Ver documento en línea
Clibeanna: Cuir clib leis
Níl clibeanna ann, Bí ar an gcéad duine le clib a chur leis an taifead seo!

MARC

LEADER 00000nam^a2200000^a^4500
001 000453917
005 20251023000000.0
009 20260310123912.69
022 |a 9781524734954 
037 |a Acervo ITESO - Biblioteca 
041 |a SON 
041 |a ING 
082 |a 813.  |b BAT 
100 |a Batuman, Elif  |e (autor) 
245 1 4 |a The Idiot /  |c Texto y voz de E. Batuman. 
264 4 |a Nueva York, EUA :  |b Penguin Random House,  |c 2017, c2017 
264 2 |a Cartagena, España :  |b Odilo [distribución],  |c 2022 
300 |a 1 audiolibro en línea (820 minutos) 
300 |a 1 recurso en línea 
336 |a datos para computadora  |b cod  |2 rdacontenido 
337 |a computadora  |b c  |2 rdamedio 
338 |a recurso en línea  |b cr  |2 rdasoporte 
506 1 |a 1 licencia 
521 |a Odilo 2022 DIA 
546 |a Edición sonora con voz en inglés 
649 |a XX 
650 |a Mujeres en la Literatura 
650 |a Estudiantes en la Literatura 
650 |a Novela Norteamericana 
650 |a Literatura Norteamericana -  |y Siglo XXI 
650 |a Literatura de Mujeres -  |z EUA 
856 4 0 |u https://iteso-odilotk-es.ezproxy.iteso.mx/info/02717666  |y Ver documento en línea 
910 |a Fondo General 
920 |a Electrónicos - Audiolibros en Línea 
930 |a Plataforma Digital 
940 |a Literatura 
905 |a 208 
901 |a 453917-1  |b IT2  |c ABO  |i C180319  |u 20250521 
902 |a https://opac.biblio.iteso.mx/vufind/Record/000453917